International trade /

This book is divided into three parts: The origins of trade; International trade policy; and Economic integration.

Saved in:
Bibliographic Details
Main Author: Mikic, Mia.
Format: Book
Language:English
Published: London : Macmillan, 1998.
Subjects:
Tags: Add Tag
No Tags, Be the first to tag this record!
Institutions: Mạng thư viện Đại học Đà Nẵng
LEADER 01017cam a2200361 i 4500
001 000048374
003 8090
005 20030307081731.0
008 010326|1998 vm 000 eng
020 |a 0333563050 
040 |a IRC  |c IRC  |d IRC 
041 0 |a eng 
082 1 4 |a 382  |b MI-M 
100 1 |a Mikic, Mia. 
245 0 0 |a International trade /  |c Mia Mikic. 
260 |a London :  |b Macmillan,  |c 1998. 
300 |a xx, 623 p. :  |b ill. ;  |c 23.5cm. 
520 3 |a This book is divided into three parts: The origins of trade; International trade policy; and Economic integration. 
630 0 4 |a Ngoại thương. 
630 0 4 |a International trade. 
630 0 4 |a Econometric models. 
650 0 4 |a International trade. 
650 0 4 |a International trade  |x Econometric models. 
OWN |a DUT 
999 |a From the UDN01 
TYP |a Monograph 
TYP |a Printed language 
980 |a Mạng thư viện Đại học Đà Nẵng